Ordinary

保存先:
書誌詳細
第一著者: Reali, Emiliano
その他の著者: Gaudioso, Giuditta
フォーマット: 図書
言語:英語
出版事項: Roma DEd'A 2013
タグ: タグ追加
タグなし, このレコードへの初めてのタグを付けませんか!

MARC

LEADER 00000nam a2200000 4500
005 20241009162729.0
008 241009b |||||||| |||| 00| 0 eng d
020 |a 9788896121900 
040 |c GP 
100 |a Reali, Emiliano 
245 |a Ordinary 
260 |a Roma  |b DEd'A  |c 2013 
700 |a Gaudioso, Giuditta 
942 |2 ddc  |c BK  |n 0 
952 |0 0  |1 0  |2 ddc  |4 0  |6 741_500000000000000_REA  |7 1  |9 2074  |a RM  |b RM  |d 2024-10-09  |l 0  |o 741.5 REA  |p 855  |r 2024-10-09 16:27:50  |w 2024-10-09  |y BK 
999 |c 1814  |d 1814